| 000 | 00642nam a2200181Ia 4500 | ||
|---|---|---|---|
| 003 | GCL | ||
| 008 | 140319s9999 xx 000 0 ara d | ||
| 040 |
_aGCL / _cGCL |
||
| 082 | 0 | 4 |
_a372.2 _bح ت |
| 100 | 1 | _aحسن محمد حسان | |
| 245 | 1 | 0 |
_aالتعليم الاساسى بين النظرية والتطبيق / _cحسن محمد حسان |
| 260 |
_aبيروت : _bدار النهضة العربية للطباعة والنشر ، _c1993 |
||
| 300 |
_a246 ص ؛ _c24 سم |
||
| 650 | 0 | 4 | _aالتعليم الالزامى |
| 650 | 0 | 4 | _aالتعليم الاساسى |
| 650 | 0 | 4 | _aالتربية والتعليم |
| 942 |
_2ddc _cBK |
||
| 999 |
_c38814 _d38814 |
||